000 00805nam a2200217Ia 4500
999 _c39904
_d39904
001 6509
003 GE_BSU
005 20191121130126.0
008 181216s1984||||ge |||||||||||||| ||geo||
040 _cGE_BSU
041 _ageo
080 _a821.353.1-1 გ-12
100 _aგაბრიჩიძე, ნელი.
_95497
245 _aგადასახედი :
_bლექსები /
_cნელი გაბრიჩიძე ; რედ. ლ. ბრეგვაძე.
264 _aთბილისი :
_bსაბჭ.საქართველო,
_c1984.
300 _a133 გვ. ;
_c17 სმ.
653 _aგადასახედი
653 _aლექსები
700 _aბრეგვაძე, ლ.
_eრედაქტორი
_95498
942 _cBK
_2udc